Регионална библиотека "Любен Каравелов" - Русе

Помощната организация в Русе и околията (Запис номер 165147)

MARC детайли
000 -Лидер
Контролно поле с фиксирана дължина 01481nam a2200409 c 4500
003 - Код на организацията, давaща контролен номер
Контролно поле BLK
005 - Дата и час на последна редакция
Контролно поле 20250127102832.0
008 - Елементи от данни с фиксирана дължина
fixed length control field 180410b bul|||||r ||||||| ||bul||
010 ## - Наследен системен номер
LC control number KNG00172729000
040 ## - Източник на каталожния запис
Идентификатор на билиотеката - собственик на записа BLK
041 ## - Код за език
Код за езика на текст/звукозапис или на отделно заглавие Български
Код за езика КДБФ Български
072 #7 - Код за тематичната категория
Код организация bullib
Код за тематична категория К
Текст Краезнание
080 ## - УДК
Текстов определител УДК Социални проблеми, които изискват оказване на помощ. Видове социална помощ. Социална работа
УДК код - определител по УДК 364
УДК - код + определител 364
100 1# - Редна дума - Автор
Автор Кожухаров, Йордан В.
Авторска отговорност първи автор
R(LIN) 336626
139 ## - Редно поле
Редна дума Кожухаров, Йордан В.
Авторски знак Кож - К 74
245 10 - Сведения за заглавието
Заглавие Помощната организация в Русе и околията
Редно поле (дума) Йордан В. Кожухаров.
257 ## - Страна на издаване
Страна на създаване/издаване България
260 ## - Област на издателските данни
Година на издаване 1945
Печатница Русе : Малджиев
300 ## - Физическа характеристика
Страници 24 с.
Размери/Мащаб 15 см
380 ## - Жанр
Жанр Обществени науки
500 ## - Общи забележки
Забележка 300 тир.
650 #7 - Допълнително описание по предмет – тема
Основно описание – тема или топоним Социална политика - България
Източник на редна или ключова дума
9 (RLIN) 171478
651 #4 - Допълнително описание по предмет - топоним
Географско понятие България
9 (RLIN) 241624
651 #4 - Допълнително описание по предмет - топоним
Географско понятие Русе
9 (RLIN) 179462
653 ## - Ключова дума – ненормативна
Ключова дума социална политика
653 ## - Ключова дума – ненормативна
Ключова дума организации
653 ## - Ключова дума – ненормативна
Ключова дума история
659 ## - Тематичен бюлетин
Тематичен бюлетин К
852 ## - Местоположение
Форматна сигнатура Цб 3.145.15393
852 ## - Местоположение
Форматна сигнатура К 36/К 74 Й
856 4# - Електронен адрес и достъп
Електронен формат pdf - файл
856 4# - Електронен адрес и достъп
Електронен формат pdf - файл
999 ## - СИСТЕМНИ КОНТРОЛНИ НОМЕРА
Koha biblionumber 165147
Koha biblioitemnumber 165147
942 ## - АРТИКУЛИ
Вид на библиотечния материал Книги
Скрит в OPAC Не
Периодичен библиозапис Да
Koha issues (borrowed), all copies 1
944 ## - СЪЗДАВАНЕ И РЕДАКЦИЯ на ЗАПИСА
Създаване/Редакция Създаване
Дата на регистрацията/редакция 09.03.2015
Статус, дата на статуса Геновева Генчева
Служител, извършил регистрацията/редакцията 30560
944 ## - СЪЗДАВАНЕ И РЕДАКЦИЯ на ЗАПИСА
Създаване/Редакция Редакция
Дата на регистрацията/редакция 09.03.2015
Статус, дата на статуса 09.03.2015 - от С1,Р / 09.03.2015
999 ## - СИСТЕМНИ КОНТРОЛНИ НОМЕРА
Koha biblioitemnumber 165147
Наличности
Код за отписване Код за изгубен артикул Източник на класификационната схема Код за повреда Коз за рестрикции Код за отдаване Артикулен № Име на библиотеката - собственик Име на библиотеката, в която се намира в момента Статус (Текущо местоположение) Дата на вписване в системата Местоположение - отдел Цена в лева Инвентарен номер Систематично азбучна сигнатура Баркод Номер на екземпляра Цена в евро Служебна бележка Служебен тип на артикула
  Не е изгубен Universal Decimal Classification Не е повреден без рестрикции ползва се в читалня 278364 Регионална библиотека "Любен Каравелов" Русе Регионална библиотека "Любен Каравелов" Русе Краезнание 1945-01-01 Краезнание 0.06 15393 К 36/К 74 Й 900000096600 1 0.03 N: Сф Дата: 01.01.1945 Дата инв: 09.11.2017 Бележки инв: К2017 Книги
Vip Innovations Ltd, Rousse, Bulgaria 2025